Juventus Captains - Statistics

General Stats
  • This quiz has been taken 74 times
  • The average score is 10 of 25
Answer Stats
Hint Answer % Correct
2012-2018 Gianluigi Buffon
97%
2018-2022 Giorgio Chiellini
93%
2001-2012 Alessandro Del Piero
92%
2022-2023 Leonardo Bonucci
90%
2023- Danilo
63%
1992-1995 Roberto Baggio
62%
1984-1988 Gaetano Scirea
55%
1996-2001 Antonio Conte
53%
1995-1996 Gianluca Vialli
53%
1954-1961 Giampiero Boniperti
45%
1963-1965 Omar Sivori
43%
1988-1989 Antonio Cabrini
40%
1976-1984 Giuseppe Furino
27%
1990-1992 Stefano Tacconi
25%
1942-1949 Pietro Rava
22%
1989-1990 Sergio Brio
17%
1974-1976 Pietro Anastasi
15%
1970-1974 Sandro Salvadore
13%
1929-1935 Virginio Rosetta
13%
1965-1970 Ernesto Castano
12%
1935-1938 Luis Monti
12%
1949-1954 Carlo Parola
8%
1922-1929 Carlo Bigatto
7%
1938-1942 Mario Varglien
7%
1961-1963 Flavio Emoli
3%
No matching quizzes found
Score Distribution
Percent of People with Each Score
Percentile by Number Answered
Your Score History
You have not taken this quiz